Statistics for Boy Scout Law

Click here to take the quiz!

General Stats

  • This quiz has been taken 9 times
  • The average score is 10 of 12

Answer Stats

A Scout is.....% Correct
Loyal
100%
Cheerful
88%
Clean
88%
Courteous
88%
Friendly
88%
Helpful
88%
Kind
88%
Trustworthy
88%
Obedient
75%
Reverent
75%
Brave
63%
Thrifty
63%

Score Distribution

Percentile by Number Answered

Percent of People with Each Score

Your Score History

You have not taken this quiz